000 00568nam1a22002291i 4500
001 rc\575868
005 20240723225451.0
010 _95000
035 _a(NLR Aleph) 005946793
090 _a6736979
_c6736979
100 _a20031121d1987 u |0rusy50 ca
101 0 _arus
102 _aRU
105 _ay |||||||||
200 1 _aУтренние паруса
_eСтихи
210 _aРостов н/Д
_d1987
215 _d17
225 1 _aПервое слово
801 0 _aRU
_bNLR
_gpsbo
801 1 _aRU
_bELAR
_2rusmarc
852 _aNLR
_j87-2/3319
942 _cBOOK